Cosmere Groups of Two - Statistics

General Stats
  • This quiz has been taken 97 times
  • The average score is 16 of 20
Answer Stats
Hint Answer % Correct
Pattern
99%
Ruin
99%
Radiant
97%
Shards in Harmony Preservation
95%
Everstorm
94%
Shards whose God Metals make up Shardblades and Shardplate Honor
94%
Radiant Orders with the Surge of Gravitation Windrunners
94%
Shallan's Other Personalities Veil
92%
Cultivation
90%
Storms on Roshar Highstorm
90%
Books narrated by Hoid Tress of the Emerald Sea
87%
Skybreakers
86%
Yumi and the Nightmare Painter
83%
Brass
79%
Metals used by Allomancers to affect the emotions of others. Zinc
77%
Devotion
72%
Splintered Shards in the Dor Dominion
71%
Spren bonded by Shallan Testament
67%
Komashi
44%
Planets in the UTol system UTol
31%
No matching quizzes found
Score Distribution
Percent of People with Each Score
Percentile by Number Answered
Your Score History
You have not taken this quiz